000 00471nam a2200169 i 4500
001 43064
003 ES-MaACL
005 20230906160727.0
007 t|
008 030314s1915 sp ||||1| spa d
080 _a821.134.2-14"19"
100 1 _aCastro, Miguel de.
_936884
245 1 3 _aLa alondra del barbecho :
_b(nuevas geórgicas) /
_cMiguel de Castro.
260 _aMadrid :
_bFidel Giménez,
_c[1915]
300 _a144 p. ;
_c19 cm.
852 _aES-MaACL
_jF-4935
999 _c43064
_d43064